000 00737cam a2200229 a 4500
001 688580
005 20180125042853.0
008 960430s1997 ilua b 001 0 eng
010 _a 96003038
020 _a0873229428
040 _aDLC
_cDLC
_dDLC
041 _aeng
080 _a791.64 RAE
082 0 0 _a791.64 RAE
_220
100 1 _a48
101 _aEDU
245 1 0 _aCoaching cheerleading successfully /
_cLinda Rae Chappell; [foreword by Lawrence "Herkie" Herkimer].
504 _aIncludes bibliographical references (p. 193) and index.
906 _a7
_bcbc
_corignew
_d1
_eocip
_f19
_gy-gencatlg
942 _2ddc
_cBK
999 _c40912
_d40912